01783nam a2200229Ia 450000500170000000800410001702000180005804000180007604100080009408200200010210000190012224500840014125000120022526000460023730000280028350008470031150502460115865000460140465000640145065000210151470000180153520260213142548.0210716s2018 xx 000 0 und d a9788126570843 cAIMIT LIBRARY aeng a658.3124 bTAYM aTaylor, Marie. aBusiness coaching and mentoring for dummies /cBy Marie Taylor and Steve Crabb. a2nd Ed. aNew Delhi :bWiley India Pvt Ltd ,c2018. axv,403p. ;bPBc23.5 cm aBusiness Coaching & Mentoring For Dummies provides business owners and managers with the insight they need to successfully develop the next generation of leaders. Packed with business-led strategies, key concepts, and effective techniques, this book equips you with the skills to transform both yourself and your team. Whether you're coaching colleagues, employees, or offering your skills as a service, these techniques will help you build a productive relationship that leads to business success. The companion website also features eight bonus videos that will further your mastery by showing you what great coaching looks like in action. Navigate tricky situations and emotional minefields with ease; develop vision, values, and a mission; create a long-term plan—everything you need is here, with expert guidance every step of the way. rAbout the Author Marie Taylor had over 25 years’ experience in HR and Organizational Development. Her consultancy business focuses on success and transformational coaching and Organizational Development. Working with senior professionals  aDeveloping the business leader's mind-set aCoaching and mentoring to get a business on the right track aThe part of tens aCrabb, Steve.